| 000 | 01103nab a2200217 i 4500 | ||
|---|---|---|---|
| 001 | 768714001 | ||
| 003 | CO-MdFUSB | ||
| 005 | 20240509143158.0 | ||
| 008 | 240508t1968 sp ||||| |||| 00| 0 spa d | ||
| 040 |
_bspa _cCO-MdFUSB _dCO-MdFUSB |
||
| 041 | _aspa | ||
| 100 |
_aIersel, Bas van, _eautor |
||
| 245 |
_aAlgunas raíces bíblicas del sacramento cristiano _c/ Bas van Iersel |
||
| 520 | _aEl cristianismo ve los sacramentos como un medio para expresar la relación de uno con Dios y compartir la vida divina, que es un acto iniciado por Cristo y administrado por la iglesia. Diferentes corrientes cristianas, difieren en cuanto a los actos que cuentan como sacramentos y sus formalidades. Este artículo presenta un análisis de las bases bíblicas de los sacramentos. | ||
| 650 | 0 |
_aBiblia _916 |
|
| 650 | 7 |
_aSacramentos _9470 |
|
| 653 | _aNuevo Testamento | ||
| 773 | 0 |
_049450 _982591 _oR2521 _tRevista internacional de teología Concilium _w(CO-MdFUSB)8 _x0210-1041 _gNúmero 31, (enero, 1968), páginas: 7 - 23 _qpágina: 7 |
|
| 942 | _cANA | ||
| 945 | _aCatherine Arias Alvarez - Practicante SENA | ||
| 999 |
_c69609 _d69609 |
||